| 000 | 00891nam a22002537a 4500 | ||
|---|---|---|---|
| 001 | 22141 | ||
| 005 | 20260416165445.0 | ||
| 008 | 260327b |||||||| |||| 00| 0 spa d | ||
| 020 | _a9788419663924 | ||
| 041 | _aESP | ||
| 082 |
_a611.018 _bP29 |
||
| 100 |
_aPawlina, Wojciech _eAUT |
||
| 245 |
_aHistología : _btexto y atlas : correlación con biología molecular y celular |
||
| 250 | _aNovena edición | ||
| 260 |
_aBarcelona : _bWolters Kluver, _c2024 |
||
| 300 |
_axvii, 1081 páginas : _bilustraciones, tablas ; _c28 cm. |
||
| 440 | _a ; | ||
| 650 | _aTCA | ||
| 653 | _aMedicina, anatomía humana | ||
| 654 | _aCCS | ||
| 700 |
_aKluwer, Wolters, _cTRA |
||
| 856 |
_uhttps://0u216usd4-y-https-accessmedicina-mhmedical-com.itmsp.museknowledge.com/searchresults.aspx?q=histolog%u00eda _zVéase además: Base de datos McGraw Hill Access Medicina |
||
| 942 |
_cLIB _dJUS _fMIP _n0 _2ddc |
||
| 999 |
_c22141 _d22141 |
||